| 000 | 00543nam a2200205Ia 4500 | ||
|---|---|---|---|
| 005 | 20241129111326.0 | ||
| 008 | 241129s9999||||xx |||||||||||||| ||und|| | ||
| 037 | _aTB | ||
| 040 |
_aCRL _beng _cCRL |
||
| 041 |
_aara _2ara |
||
| 084 |
_aP28v N6 _qCRL |
||
| 100 | _aFarrukh Umar Au. | ||
| 245 | 0 |
_aAl-fikr al-arbi _cFarrukh Umar Au. |
|
| 260 |
_aBeirut, Lebanon _bDarul ilm al-millaien _c1966 |
||
| 300 | _a472p. | ||
| 365 |
_aINR _b1216 |
||
| 650 |
_aArabic Language _931794 |
||
| 942 |
_cTB _hP28v N6 |
||
| 999 |
_c1229933 _d1229933 |
||